| 000 | 01473cam a22003011ia4500 | ||
|---|---|---|---|
| 003 | SA-RiAUC | ||
| 005 | 20241222143539.0 | ||
| 008 | 241222s1955 ua g 000r0dara c | ||
| 040 |
_aSA-JeALM _bara _cSA-RiAUC _erda |
||
| 050 | 4 | _b.M37 1955 | |
| 082 | 0 | 4 |
_a258.4 _qSA-RiAUC |
| 090 |
_a ن 258.4 _b م ر د |
||
| 100 | 1 |
_aالمرداوي، علي بن سليمان بن أحمد، _d817-885 هجري _eمؤلف. |
|
| 245 | 1 | 2 |
_aالإنصاف في معرفة الراجح من الخلاف على مذهب الإمام المبجل أحمد بن حنبل / _cتأليف علاء الدين أبي الحسن علي بن سليمان المرداوي ؛ صححه وحققه محمد حامد الفقي. |
| 250 | _aالطبعة الأولى. | ||
| 264 | 1 |
_a[مكان النشر غير محدد] : _b[الناشر غير محدد]، _c1955 |
|
| 264 | 3 |
_aالقاهرة : _bمطبعة السنة المحمدية |
|
| 300 |
_a12 مجلد ؛ _c24 سم |
||
| 336 |
_aنص _btxt _2rdacontent _3كتاب |
||
| 337 |
_aبدون وسيط _bn _2rdamedia |
||
| 338 |
_aمجلد _bnc _2rdacarrier |
||
| 600 | 1 | 7 |
_aالإمام ابن حنبل، أحمد محمد بن حنبل، _d164-241 هجري _xدين _2aucnm |
| 650 | 7 |
_aالفقه الحنبلي _2aucsh |
|
| 650 | 7 |
_aالاختلاف (فقه إسلامي) _2aucsh |
|
| 700 | 1 |
_aالفقي، محمد حامد، _d1892-1959 _eمصحح. |
|
| 942 |
_2ddc _cRARE BOOK _n0 |
||
| 949 |
_aSA-JeALM _d241222 _uosman123 _n1 |
||
| 999 |
_c3780 _d3780 |
||